000 00487nam a22001697a 4500
005 20240823073346.0
008 240823b |||||||| |||| 00| 0 eng d
020 _a9789991687018
041 _aEnglish
082 _a349 LAB
100 _lEnglish
245 _aLabour Law in Namibia /
_cC. Parker
260 _aWindhoek:
_bUniversity of Namibia Press,
_c2012
300 _bvii, 317 pages;
_c25 cm.
650 _aLegal practice
_bLaw
942 _cBK
_6ALISON_BN_VRIES
999 _c2821
_d2821